000 00343nam a2200121Ia 4500
008 220217s9999||||xx |||||||||||||| ||und||
082 _a658.403 8 HAN
100 _aHanna, William
245 0 _aConflict resolution ; workshop manual
260 _aIndian society for technical edu.
_bNew Delhi
_c1996
300 _b0
650 _aMANAGEMENT
999 _c173022
_d173022